000 00290cam a22000977a 4500
008 180718b1966 xxu||||| |||| 00| 0 eng d
082 _aB7301 x5442 M278
245 _aNagpur municipal corporation Byelaws
_cBy Govt. of Maharastra
260 _aNagpur
_bGovt. of Maharastra
_c1966
300 _a41p.
999 _c415651
_d415651